| 000 | 00538nam a2200181Ia 4500 | ||
|---|---|---|---|
| 003 | GCL | ||
| 008 | 140319s9999 xx 000 0 ara d | ||
| 040 |
_aGCL / _cGCL |
||
| 082 | 0 | 4 |
_a321.8 _bح د |
| 100 | 1 | _aحسنى زينة | |
| 245 | 1 | 0 |
_aالديمقراطية الميسرة_ سياسة الناس وكأن لهم حرمة وقيمة / _cحسنى زينة |
| 260 |
_a[S.N] : _bدار الجديد ، _c1992 |
||
| 300 | _a77ص | ||
| 490 | _a | ||
| 650 | 0 | 4 | _aالسياسة |
| 650 | 0 | 4 | _aالديمقراطية |
| 942 |
_2ddc _cBK |
||
| 999 |
_c29335 _d29335 |
||